000 00422nam a2200181Ia 4500
001 4303
005 20260306145746.0
008 260306t2007||||xx |||||||||||||| ||spa||
041 _aESP
082 _a320.51
_bS83 2007
100 _aStrauss, Leo
_eAUT
245 0 _aLiberalismo antiguo y moderno
260 _c2007
300 _a388 páginas :
_c23 cm.
650 _aGEN
654 _aCDE
942 _cLIB
_dJUS
_fJUS
_2ddc
_n
999 _c4303
_d4303